00628nam a22001937a 450000500170000000800410001701000170005802000260007503500170010103700120011804000180013008200080014824500570015626000550021327000640026830000210033250000620035370000190041520091211095643.0091211t xxu||||| |||| 00| 0 eng d aB-370166-181 a9780195676983c665.00 aB-370166-181 bImpulse adplbEnglish  a483 aOxford language reference /cedited by Jonathan Law  aNew Delhi bOxford University Press c2009 (repr.) aYMCA Library Building, Jai Singh Road, bNew Delhi e110001 a218p.c25cm(Hb)  aThis book is published in 3 vol. and set price is 1995.00 aLaw, Jonathan